Normal view
MARC view
- Grammar, Comparative and general
Entry Topical Term
001 - CONTROL NUMBER
- control field: 39792
003 - CONTROL NUMBER IDENTIFIER
- control field: OSt
005 - DATE AND TIME OF LATEST TRANSACTION
- control field: 20160405150450.0
008 - FIXED-LENGTH DATA ELEMENTS
- fixed length control field: 160405|| aca||babn | a|a d
040 ## - CATALOGING SOURCE
- Original cataloging agency: OSt
150 ## - HEADING--TOPICAL TERM
- Topical term or geographic name as entry element: Grammar, Comparative and general
- General subdivision: Temporal constructions
450 ## - SEE FROM TRACING--TOPICAL TERM
- Topical term or geographic name entry element: Temporal constructions (Grammar)
550 ## - SEE ALSO FROM TRACING--TOPICAL TERM
- Topical term or geographic name entry element: Grammar, Comparative and general
- General subdivision: Syntax